Development Issues of North East India: (Record no. 180116)
[ view plain ]
| 000 -LEADER | |
|---|---|
| fixed length control field | 00534nam a22001817a 4500 |
| 005 - DATE AND TIME OF LATEST TRANSACTION | |
| control field | 20210726123127.0 |
| 010 ## - LCCN (DPL NO) | |
| LC control number | ENG-129638 |
| 020 ## - INTERNATIONAL STANDARD BOOK NUMBER | |
| International Standard Book Number | 978-81-935731-2-9 |
| Terms of availability | 350.00 |
| 035 ## - SYSTEM CONTROL NUMBER | |
| System control number | EN-113170 |
| 037 ## - SOURCE OF ACQUISITION | |
| Source of stock number/acquisition | DBAD/PUB |
| 082 ## - DEWEY DECIMAL CLASSIFICATION NUMBER | |
| Classification number | 330.954162 |
| 100 ## - MAIN ENTRY--PERSONAL NAME | |
| Personal name | Ira Das |
| 245 ## - TITLE STATEMENT | |
| Title | Development Issues of North East India: |
| Statement of responsibility, etc | A Quest for Solution/ |
| Remainder of title | By Ira Das |
| 260 ## - PUBLICATION, DISTRIBUTION, ETC. (IMPRINT) | |
| Name of publisher, distributor, etc | Maliyata Offset Press |
| Place of publication, distribution, etc | Assam |
| 270 ## - ADDRESS | |
| Address | Mirza, Kamrup, |
| City | Assam |
| Postal code | 781125 |
| 300 ## - PHYSICAL DESCRIPTION | |
| Extent | 239p; |
| Dimensions | 22cm(pbk) |
| 942 ## - ADDED ENTRY ELEMENTS (KOHA) | |
| Source of classification or shelving scheme | Dewey Decimal Classification |
| Item type | English Books |
| Classification part | 330.954162 |
| Call number suffix | DAS |
| Withdrawn status | Lost status | Not for loan | Collection code | Home library | Current library | Date acquired | Source of acquisition | Cost, normal purchase price | Full call number | Barcode | Copy number | Cost, replacement price | Koha item type |
|---|---|---|---|---|---|---|---|---|---|---|---|---|---|
| Non-fiction | Central Library | Central Library | 26/07/2021 | DBAD/PUB | 350.00 | 330.954162 DAS | EN-113170 | 1 | 350.00 | English Books |
